000 01411nam0a22002651 4500
001 rc\369916
005 20030307123706.7
035 _a(NLR Aleph) 005601577
090 _a6318406
_c6318406
100 _a20030307d1989 u |0rusy50 ca
101 0 _arus
102 _aRU
105 _aa |||||||||
200 1 _aМЕТОДЫ и средства контроля характеристик бортовой информационно-измерительной аппаратуры для изучения природных ресурсов Земли
_f[А.К. Гончаров и др.]
210 _aМ.
_cИнформ. центр ВНИИГМИ-МЦД
_d1989
215 _a67 с.
_cил.
_d20
225 1 _aГидрометеорология
_hСерия 37.21.03
_iˆ"‰Создание государственной системы наблюдений и контроля состояния природной среды"
_eОбзор. информ.
_fВНИИ гидрометеорол. информ. - Мировой центр данных
_vВып. 2
300 _aВ надзаг. также: Гос. ком. СССР по гидрометеорологии
320 _aБиблиогр.: с. 50-62
702 1 _aГончаров
_bА. К.
_gАнатолий Кириллович
_4220
801 0 _aRU
_bNLR
_gpsbo
801 1 _aRU
_bELAR
_2rusmarc
852 _aNLR
_jП7/1939
942 _cBOOK
980 _aNB